Co to za zwierzak? #7 - Statystyki

Ogólne statystyki
  • Ten quiz został rozwiązany 28 razy
  • Średni wynik to 6 z 24
Statystyki odpowiedzi
Obrazkowy Hint Odpowiedź % Poprawnych
lemur x Katta
71%
x drzewna Rzekotka
71%
x pospolita Badylarka
43%
niedźwiedź x Kodiak / kodiacki
43%
x stokowy Takin
43%
x północna, inaczej Mrówkojad meksykański Tamandua
43%
x himalajski Goral
29%
x brazylijski Koendu
29%
x zwyczajny Tenrek / Kretojeż
29%
x leniwy Wargacz
29%
x zielony Akuczi
14%
x husky (rasa psa) Alaskan
14%
(rasa konia) inaczej Koń belgijski Brabant
14%
x, inaczej koń x Hucuł / huculski
14%
x morski Kapturnik
14%
(rasa owcy) Kent
14%
x karłowaty Sorek
14%
(rasa owcy) Teksel
14%
(jeden z x wielojelitowych) Wirek
14%
x libijska Zorilla
14%
x terrier (rasa psa) Cairn
0%
inaczej Gazela pustynna Dorkas
0%
x pręgowany Kajgulik
0%
x posrebrzany Mroczak
0%
Nie znaleziono quizów pasujących do podanych kryteriów
Rozkład punktacji
Procent ludzi z każdym wynikiem
Percentyl według liczby udzielonych odpowiedzi
Twoja historia wyników
Nie rozwiązałeś tego quizu